000 005840000a22002050004500
003 LK-CoMWRAF
005 20240315162016.0
008 230817t1997 ||||| |||| 00| 0 eng d
040 _aLK-CoMWRAF
_dLK-CoMWRAF
_eLK-CoMWRAF
041 _atam
082 _a894.81137
_bMAU
100 _aமௌனகுரு, சி.
_vMaunaguru, S
245 _aசக்தி பிறக்குது
246 _aSakthi Pirakkuthu
260 _aColombo:
_bWERC,
_c1997
300 _a75 p.
650 _aTAMIL DRAMA
856 _uhttps://noolaham.net/project/11/1063/1063.pdf
942 _cBK
999 _c2866
_d2866